banner-ar

دراسات متقدمة فى المراجعة الالكترونية : (Record no. 65121)

MARC details
000 -الفاتح
حقل البيانات ثابتة الطول 01503nam a22002777a 4500
005 - وقت وتاريخ اخر تعامل مع التسجيلة
رقم الضبط 20240530110808.0
008 - عناصر البيانات ثابتة الطول - معلومات عامة
حقل البيانات ثابتة الطول 190115s2018 ua a g 000 0 ara d
017 ## - رقم الايداع القانونى
رقم الايداع القانونى 10936
المصدر ( الهيئة المختصة) مصر. دار الكتب
020 ## - الرقم الدولى المعيارى للكتب
الرقم الدولى المعيارى للكتاب 9789777332071
040 ## - مصدر الفهرسة
وكالة الفهرسة الأصلية EG-CaGPL
وكالة النسخ EG-CaGPL
082 04 - رقم تصنيف ديوى العشرى
رقم الطبعة 21
رقم التصنيف 657.450285 /
رقم المادة هـ د
100 0# - المدخل الرئيسى - إسم شخصى
الإسم الشخصى هانى خليل فرج
245 ## - بيان العنوان
العنوان دراسات متقدمة فى المراجعة الالكترونية :
بقية العنوان الاثار - التحديات - التطبيقات : تقنيات الغش واساءة استخدام الحاسب الالى - الفصاح الالكترونى للبيانات وادلة الاثبات - استخدام اساليب التنقيب فى البيانات ( DM ) فى اكتشاف الغش - حوكمة تكنولوجيا المعلومات /
بيان المسئوليه,etc هانى خليل فرج ، حسام محمد مبارك ، محمد فوزى محمد ، دعاء حافظ امام
250 ## - بيان الطبعة
بيان الطبعة ط.1
260 ## - PUBLICATION, DISTRIBUTION, ETC. (IMPRINT)
تاريخ النشر أو التوزيع 2018 .
300 ## - الوصف المادى
التعداد 401 ص. :
تفاصيل ماديه اخرى للوعاء ايض ؛
أبعاد الوعاء 24 سم.
650 07 - المدخل الاضافى بالموضوع-مصطلح موضوعى
مصدر الرأس أو المصطلح qrmak
مصطلح موضوعي تكنولوجيا المعلومات
650 07 - المدخل الاضافى بالموضوع-مصطلح موضوعى
مصطلح موضوعي الغش
مصدر الرأس أو المصطلح qrmak
650 07 - المدخل الاضافى بالموضوع-مصطلح موضوعى
مصطلح موضوعي التجارة الالكترونية
مصدر الرأس أو المصطلح qrmak
651 ## - المدخل الاضافى بالموضوع - اسم جغرافى
مصدر الرأس أو المصطلح qrmak
700 0# - المدخل الاضافى - اسم شخصى
الإسم الشخصى حسام محمد مبارك
الدور مؤلف مشارك
700 0# - المدخل الاضافى - اسم شخصى
الإسم الشخصى دعاء حافظ امام
الدور مؤلف مشارك
700 0# - المدخل الاضافى - اسم شخصى
الإسم الشخصى محمد فوزى محمد
الدور مؤلف مشارك
942 ## - عناصر المدخل الإضافي( كوها)
مصدر التصنيف او مخطط الترفيف Dewey Decimal Classification
Koha [default] item type كتاب
260 ## - PUBLICATION, DISTRIBUTION, ETC. (IMPRINT)
-- القاهرة :
-- دار التعليم الجامعى،
Holdings
حالة التراجع حالة الفقد حالة تلف ليس للاعارة المكان المؤقت الموقع الحالى موقع الترفيف تاريخ الاكتساب اجمالي اﻻعارات رقم الطلب الباركود تاريخ اخر مشاهدة تاريخ تفعيل السعر نوع وعاء كوها
        مكتبة القاهرة الكبرى مكتبة القاهرة الكبرى القاعة الرئيسية 03/18/2019   657.450285 / هـ د 165721 03/18/2019 03/18/2019 كتاب

Powered By

EGPV